Trouver les 2 ! - Mort Subite - Statistiques

Statistiques générales
  • Ce quiz a été pris 111 fois
  • Le résultat moyen est 9 sur 14
Answers on the Grid
Answers color-coded by a green-red scale on the quiz's grid according to % correct below.
- 2,5 + 3 x 4
- 89 + 53 + 39
1 + 1
1 + 1 + 1 + 1 - 1 + 1 - 1 - 1 - 1 + 1
1 + 1 + 1 + 1 - 1 + 1 x 1 + (- 1)
1846 / 67 x 9278 x 0 + 2
2
26 / 18
2836 / 1418
3 + 8 - 4 x 2 + 6 - (- 3) - 7
3 x 4 - 6 + 5 - 9
3 x 8 - 7 + 2 - 6 x 2
4/2
4572 x 135
5 + 89
5 - 2
5 - 3
5 x 6 - 18
6
6 + (- 4)
68 / 34
7 + 48 - 12 - 31
7 - 4
7 - 5
7 x 43 - 199
89 - 63 + 16 - 43
937 - 935
98 - ( 23 x 3 ) + (- 27)
 
Statistiques - réponses
Réponse % Correct
1 + 1
97%
2
95%
4/2
76%
5 - 3
75%
7 - 5
74%
1 + 1 + 1 + 1 - 1 + 1 - 1 - 1 - 1 + 1
67%
68 / 34
62%
937 - 935
61%
2836 / 1418
58%
6 + (- 4)
57%
3 x 4 - 6 + 5 - 9
51%
1846 / 67 x 9278 x 0 + 2
40%
98 - ( 23 x 3 ) + (- 27)
27%
- 89 + 53 + 39
21%
Aucun quiz correspondant
Distribution des résultats
% des personnes avec chaque résultat
Percentile par nombre de réponses
Votre historique - résultats
Vous n’avez pas pris ce quiz